000 00638nam a22001937a 4500
005 20251108171746.0
008 250721s1993 xx 000 0 ara d
082 1 4 _aم/209/كلب
100 1 _aالكلبي، هشام بن محمد بن السائب
245 1 0 _aكتاب الأصنام /
264 1 _aالقاهره :
_bمكتبة النهضة المصرية،
_c1993.
300 _a124ص.
650 1 7 _aعبادة الأصنام
650 1 7 _aالديانات القديمة
700 1 _aأحمد، محمد عبد القادر
_eتحقيق
700 1 _aعبيد، أحمد محمد
942 _2ddc
_cREF
999 _c61777
_d61777